000 00510nam a2200181Ia 4500
005 20250508163513.0
008 008 250505s9999 xx 000 0 eng d
037 _aReference
040 _aFEDL
_beng
_cFEDL
041 _aeng
_2eng
084 _a370.954, IND/RR
_qFEDL
245 0 _aEducation for all : The Indian scene
245 0 _cINDIA. HUMAN RESOURCE DEVELOPMENT (Ministry of )
260 _c1993
300 _a125p.
942 _cREF
_h370.954, IND/RR
999 _c1383753
_d1383753